01717nam a22002774aa4500003000800000005001700008008004100025040003000066041000800096044000700104082001700111100004300128245031900171260002500490300004300515500003600558502017400594520051600768650002501284653001201309653001701321653002501338653001901363653001001382700004701392BOFEUTO20260626145612.0260611t2025 bo gr 000 f spa d 6BOFEUTOaBOFEUTOcBOFEUTO aspa abo aTE6327bB423 aBejar Aquino, María Alejandraeautor aModelamiento econométrico de la percepción de calidad del servicio de transporte público por los universitarios de la Facultad de Ciencias Económicas, Financieras y Administrativas turno diurno, en el municipio de Oruro, gestión 2025 /c María Alejandra Bejar Aquino, Claudia Eliana San Martín Flores aOruro :bs/n,c2025. a177 hojas ;bilus, gráf. ;c28.5 cm. aIncluye bibliografía, anexos. aTesis Dirigida, (Licenciatura) -- Universidad Técnica de Oruro, Facultad de Ciencias Económicas, Financieras y Administrativas, Carrera Ingeniería Comercial, 2025. aLa investigación adopta un enfoque cuantitativo y se sustenta en teorías de gestión de la calidad, percepción del usuario y econometría aplicada al transporte. Con base en encuestas dirigidas a universitarios, se estimó un modelo probit binario para analizar la influencia de variables socioeconómicas y operativas como expectativa, condiciones económicas, frecuencia, tiempo de espera, estado del vehículo y comodidad sobre la probabilidad de evaluar el servicio como de buena o mala calidad. aCalidad del Servicio aCalidad aPercepción aTransporte Público a Econometría aLogit aSan Martín Flores, Claudia Elianaetutor